000 00253nam a2200109Ia 4500
008 240625s9999 xx 000 0 und d
041 _aeng
082 _a005.4 MIC
100 _aMICROSOFT
245 _aMICROSOFT PROJECT PROFESSIONAL 2010
260 _c2010
999 _c34812
_d34812